000 00484 a2200181 4500
005 20250415113149.0
008 250412b |||||||| |||| 00| 0 eng d
020 _a9788131774199
_cRs. 660.00
040 _aMAIN
082 _a006.76
_bS34W
100 _aSrinivasan, M
245 _aWeb technology: Theory and practice
260 _bPearson India Education Services
_aNoida
_c2025
300 _axxi, 369
650 _aComputer Science
650 _aWeb Technology
942 _cBK
999 _c386643
_d386643